LEADER 01248nam a2200313Ia 4500 001 991003815859707536 008 200615s1997 si d b 001 0 eng d 020 $a9789810220266 035 $ab14392161-39ule_inst 040 $aBibl. Dip.le Aggr. Matematica e Fisica - Sez. Fisica$beng 082 04$a539.721 084 $aLC QC721 100 1 $aChen, Sow-Hsin$019826 245 10$aInteraction of photons and neutrons with matter :$ban introduction / Sow-Hsin Chen, Michael Kotlarchyk 260 $aSingapore ;$aRiver Edge, New Jersey :$bWorld Scientific,$cc1997 300 $axvi, 400 p. :$bill. ; 23 cm 504 $aIncludes bibliographical references (p. [385]-389) and index 650 4$aParticles (Nuclear physics) 650 4$aPhotons 650 4$aNeutrons 650 4$aQuantum theory 650 4$aScattering (Physics) 700 1 $aKotlarchyk, Michael 907 $a.b14392161$b17-01-21$c15-06-20 912 $a991003815859707536 945 $aLE006 Fondo Polezzo 467$cEx libris Stefano Polezzo$g1$i2006000182058$lle006$og$pE66.72$q-$rl$s- $t0$u0$v0$w0$x0$y.i15949254$z17-01-21 996 $aInteraction of photons and neutrons with matter$91752541 997 $aUNISALENTO 998 $ale006$b15-06-20$cm$da $e $feng$gsi $h0$i0 LEADER 01493oam 2200421Ka 450 001 9910698344303321 005 20080111151717.0 035 $a(CKB)4330000001996909 035 $a(OCoLC)137273209 035 $a(EXLCZ)994330000001996909 100 $a20070530d2007 ua 0 101 0 $aeng 135 $aurmn||||||||| 181 $ctxt$2rdacontent 182 $cc$2rdamedia 183 $acr$2rdacarrier 200 14$aThe technical potential of solar water heating to reduce fossil fuel use and greenhouse gas emissions in the United States$b[electronic resource] /$fP. Denholm 210 1$aGolden, Colo. :$cNational Renewable Energy Laboratory,$d[2007] 215 $a20 pages $cdigital, PDF file 225 1 $aNREL/TP ;$v640-41157 300 $aTitle from title screen (viewed Jan. 11, 2008). 300 $a"April 2007." 606 $aSolar water heaters 606 $aFossil fuels$xEnvironmental aspects 606 $aCarbon dioxide mitigation 615 0$aSolar water heaters. 615 0$aFossil fuels$xEnvironmental aspects. 615 0$aCarbon dioxide mitigation. 700 $aDenholm$b P$g(Paul)$01388371 712 02$aNational Renewable Energy Laboratory (U.S.) 801 0$bSOE 801 1$bSOE 801 2$bSOE 801 2$bGPO 906 $aBOOK 912 $a9910698344303321 996 $aThe technical potential of solar water heating to reduce fossil fuel use and greenhouse gas emissions in the United States$93493369 997 $aUNINA